000 01115ngm a22003370a 4500
001 PT29394
003 AR-LpoUNG
005 20210202000426.0
007 vd cvaizq
008 191001s2008||||ag |||||||||||||||||spa d
040 _aAR-LpoUNG
_bspa
_cAR-LpoUNG
_eaacr
041 _aspa
044 _aag
082 0 _a305.8 773soy
100 1 _aArranz, Maki
_edir.
245 1 0 _aSoy Toba
260 _aBuenos Aires :
_bUniversidad Nacional de General Sarmiento,
_c2008.
300 _aDVD (24 min.) : son., col.
520 _aEl video narra la resistencia del pueblo Toba que ha sido despojado de sus tierras, teniendo que sobrevivir en el Gran Buenos Aires o en su Chaco natal. La lucha por conservar su identidad, reconstruir su cultura y respetar sus derechos son algunas de las problemáticas presentes en el film.
650 4 _aARGENTINA
650 4 _aASPECTOS SOCIALES
650 4 _aDISCRIMINACION
650 4 _aPOBLACION INDIGENA
650 4 _aPROBLEMAS SOCIALES
651 4 _aArgentina
653 _aDOCUMENTALES
653 _aDVD
653 _aVIDEOS
905 _a29394
942 _cDVD
999 _c54823
_d54823